=LDR 00000nam 2200000 4500 =001 INLIS000000000033050 =005 20230307105248 =035 ##$$a 0010-061300000033050 =008 230307###########################0#ind## =041 ##$$a ind =082 ##$$a 343.04 =090 ##$$a 343.04, Bro p =100 ##$$a Brotodihardjo, R. Santoso =245 1#$$a Pengantar Ilmu Hukum Pajak /$c R. Santoso Brotodihardjo; Editor, Januar gudhi =260 ##$$a Bandung :$b Refika Aditama,$c 2008 =300 ##$$a xvi,251 hlm ; $c 24 cm =650 #4$$a Hukum Pajak =700 #$$a Budhi, Januar =850 ##$$a NBPNMAT =020 ##$$a 979-96055-4-7 =084 ##$$a 343.04 BRO p =990 ##$$a 90291/BPAP-NTB/2014 =990 ##$$a 21196207/BPAP-NTB/2014 =990 ##$$a 21400613/BPAP-NTB/20142014 =990 ##$$a 0001/BPAP-NTB/20142014 =990 ##$$a 0001/BPAP-NTB/20142014 =990 ##$$a 0001/BPAP-NTB/20142014 =990 ##$$a 0001/BPAP-NTB/20142014 =990 ##$$a 0001/BPAP-NTB/20142014 =990 ##$$a 0001/BPAP-NTB/20142015 =990 ##$$a 0102/BPAP-NTB/2015 =990 ##$$a 0103/BPAP-NTB/2015